Túi khôn kinh doanh của người Do Thái = Jewish wisdom for business success
Nội dung sách trình bày đơn giản và dễ hiểu về kinh doanh, thông qua các quy tắc minh triết thâm sâu và những minh họa rõ ràng, sách sẽ giúp bạn tìm thấy những quan niệm cực kỳ thú vị và sâu sắc để: chinh phục nỗi sợ, khám phá năng lượng c...
Guardat en:
| Autor principal: | |
|---|---|
| Altres autors: | , |
| Format: | Llibre |
| Idioma: | Vietnamese |
| Publicat: |
H.
Hồng Đức
2024
|
| Matèries: | |
| Etiquetes: |
Afegir etiqueta
Sense etiquetes, Sigues el primer a etiquetar aquest registre!
|
| Thư viện lưu trữ: | Thư viện Trường Đại học Nam Cần Thơ |
|---|
| LEADER | 01475nam a22002177a 4500 | ||
|---|---|---|---|
| 001 | NCT_4_009573 | ||
| 008 | 240617b xxu||||| |||| 00| 0 vie d | ||
| 999 | |c 8421 |d 8421 | ||
| 020 | |a 9786044769585 | ||
| 082 | 0 | 4 | |2 23rd ed. |a 296.383 |b B797 |
| 100 | 1 | |a Brackman, Levi | |
| 245 | 1 | 0 | |a Túi khôn kinh doanh của người Do Thái = |b Jewish wisdom for business success |c Levi Brackman, Sam Jaffe; Nguyễn Hiền (dịch) |
| 260 | |a H. |b Hồng Đức |c 2024 | ||
| 300 | |a 318 tr. |c 21cm | ||
| 520 | 3 | |a Nội dung sách trình bày đơn giản và dễ hiểu về kinh doanh, thông qua các quy tắc minh triết thâm sâu và những minh họa rõ ràng, sách sẽ giúp bạn tìm thấy những quan niệm cực kỳ thú vị và sâu sắc để: chinh phục nỗi sợ, khám phá năng lượng của bản thân, duy trì mối quan hệ tốt đẹp và lâu dài với đối tác, làm chủ những kỹ năng đàm phán, kinh doanh theo hướng tâm linh, khai thác sức mạnh của thái độ tích cực,... | |
| 653 | |a Quản trị kinh doanh | ||
| 700 | 1 | |a Jaffe, Sam | |
| 700 | 1 | |a Nguyễn Hiền |e Dịch | |
| 942 | |2 ddc |c BK | ||
| 952 | |0 0 |1 0 |2 ddc |4 0 |6 296_383000000000000_B797 |7 0 |9 29067 |a 000001 |b 000001 |d 2024-06-17 |o 296.383 B797 |p MD.22478 |r 2024-06-17 |v 148000.00 |w 2024-06-17 |y BK | ||
| 980 | |a Thư viện Trường Đại học Nam Cần Thơ | ||


